000 00780pam a2200229 a 4500
001 2033788
005 20241114110657.0
008 921117s1992 nyua 001 0 eng
020 _a0470220856 (New York)
020 _a8122404197 (New Delhi)
050 0 0 _aQA276
_b.M398 1992
082 0 0 _a519.5
_220
100 1 _aMedhi, J.
_q(Jyotiprasad)
245 1 0 _aStatistical methods :
_ban introductory text /
_cJ. Medhi.
260 _aNew York :
_bWiley,
_c1992.
300 _axii, 438 p. :
_bill. ;
_c25 cm.
500 _aIncludes index.
650 0 _aMathematical statistics.
856 4 2 _3Publisher description
_uhttp://www.loc.gov/catdir/description/wiley032/92042969.html
856 4 _3Table of Contents
_uhttp://www.loc.gov/catdir/toc/onix03/92042969.html
942 _2lcc
_cBK
_n0
999 _c1176
_d1176